Normal view
MARC view
- العبداللات، فاطمة مفلح
Entry Personal Name
001 - CONTROL NUMBER
- control field: 50185
003 - CONTROL NUMBER IDENTIFIER
- control field: JO-AjAnu
005 - DATE AND TIME OF LATEST TRANSACTION
- control field: 20230606082250.0
008 - FIXED-LENGTH DATA ELEMENTS
- fixed length control field: 230606|| aca||aabn | a|a d
040 ## - CATALOGING SOURCE
- Original cataloging agency: JO-AjAnu
- Transcribing agency: JO-AjAnu
100 ## - HEADING--PERSONAL NAME
- Personal name: العبداللات، فاطمة مفلح
670 ## - SOURCE DATA FOUND
- Source citation: Work cat.: (JO-AjAnu)25659: العبداللات، فاطمة مفلح, author, آخر دموع غرناطة: شعر الرثاء في عصر بني الأحمر